Segmentový reporting v controllingu
Hlavné úlohy podnikového controllingu. Informačné podklady pre manažéra. Segmentový reporting. Charakteristika najčastejšieho členenia segmentového výkazníctva. Znázornenie a popis úrovní segmentového reportingu v podniku. Zmena špeciálnych fixných nákladov na spoločné fixné náklady.
Salvato in:
| Autore principale: | |
|---|---|
| Altri autori: | |
| Natura: | Capitolo di libro |
| Lingua: | slovacco |
| Soggetti: | |
| Tags: |
Nessun Tag, puoi essere il primo ad aggiungerne!!
|
MARC
| LEADER | 00000naa$a2200000$$$4500 | ||
|---|---|---|---|
| 001 | 0064114 | ||
| 005 | 20240502071741.6 | ||
| 041 | 0 | |a slo | |
| 044 | |a SK | ||
| 245 | 1 | 0 | |a Segmentový reporting v controllingu |c Alžbeta Foltínová, Michal Budinský |
| 520 | |a Hlavné úlohy podnikového controllingu. Informačné podklady pre manažéra. Segmentový reporting. Charakteristika najčastejšieho členenia segmentového výkazníctva. Znázornenie a popis úrovní segmentového reportingu v podniku. Zmena špeciálnych fixných nákladov na spoločné fixné náklady. | ||
| 610 | 2 | 0 | |a reporting |
| 610 | 2 | 0 | |a kontroling |
| 610 | 2 | 0 | |a náklady |
| 610 | 2 | 0 | |a podnik |
| 100 | 1 | |a Foltínová, Alžbeta | |
| 700 | 1 | |a Budinský, Michal | |